000 00768nam a2200265Ia 4500
005 20260121170801.0
008 008 260114s9999 xx 000 0 eng d
020 _a9783319949116
037 _aEBOOK
040 _aCRL
040 _beng
040 _cCRL
041 _2eng
041 _aeng
084 _qCRL
100 _aAngela Kunoth, Tom Lyche, Giancarlo Sangalli, Stefano Serra-Capizzano, Tom Lyche, Carla Manni, Hendrik Speleers
_91068119
245 0 _aSplines and PDEs: From Approximation Theory to Numerical Linear Algebra
260 _bSpringer
260 _bSpringer
260 _c2018
856 _uhttps://link.springer.com/openurl?genre=book&isbn=978-3-319-94911-6
942 _cEBOOK
999 _c1633849
_d1633849